000 00357nam a22001577a 4500
003 CEME
005 20210628203356.0
008 210115b xxu||||| |||| 00| 0 eng d
040 _cceme
082 _a891.4391 INT
100 _aAlama Iqbal
_965063
245 _aZarb-e-kaleem
260 _bNAWAB SONS
_c2008
650 _aFAIZA
_961097
942 _cBK
_2ddc
999 _c573381
_d573381